| 000 | 01531cad a22002415a 4500 | ||
|---|---|---|---|
| 001 | E147549 | ||
| 008 | 090521s2009 xxk f l000 0 eng d | ||
| 020 | _a9781847812568 | ||
| 035 | _a(Sirsi) u147549 | ||
| 041 | 0 | _aeng | |
| 050 | 0 | 4 | _a306.1 $2 18 |
| 110 | 2 |
_aLondon _bGreater London Authority _93989 |
|
| 245 | 0 | 4 |
_aThe London housing strategy _bdraft for public consultation _h[electronic resource] |
| 260 |
_aLondon _bGLA _c2009 |
||
| 505 | 2 | _aForeword -- Achieving the vision -- Consulting with London -- Raising aspirations, promoting opportunity: rethinking London's housing; helping homeowners and first time buyers; improving the social rented sector; improving the private rented sector -- Improving homes, transforming neighbourhoods: designing better homes; producing greener homes; revitalising homes and communities -- Maximising delivery, optimising value for money: delivering across London; delivering locally; investing to deliver -- Delivering the London Housing Strategy -- Appendices | |
| 520 | _aSets out the vision of the Mayor of London for housing in the capital. Aims to increase opportunity, improve homes and ensure value for money in housing provision. Deadline for comments is 31 August 2009. | ||
| 521 | _aIntroductory | ||
| 590 | _aKA NTK | ||
| 651 | 4 | _aLondon | |
| 690 | _aPROPERTY-RESIDENTIAL PROPERTY-DOMESTIC RESIDENTIAL PROPERTY-HOUSING | ||
| 856 | 4 | 0 |
_uhttps://www.london.gov.uk/mayor/housing/strategy/index.jsp _zView the strategy free of charge at www.london.gov.uk... |
| 942 | _n0 | ||
| 999 |
_c109611 _d109611 |
||